1830 1070 1284 1027 1608 1417 1316 1103 1210 1897 1348 1933 1046 1743 1900 1392 1881 1813 1260 1094 1930 1503 1721 1779 1663 2000 1113 1495 1225 1315 1205 1856 1171 1250 1509 1299 1856 1685 1409 1507 1137 1082 1438 1411 1817 1789 1434 1107 1312 1036 1702 1260 1139 1133 1408 1621 1146 1797 1281 1248 1935 1118 1682 1975 1583 1816 1348 1842 1021 1035 1616 1976 1359 1347 1982 1738 1632 1285 1081 1308 1271 1950 1200 1106 1767 1652 1799 1144 1400 1798 1086 1297 1392 1032 1842 1138 1464 1733 1881 BCNSPRNW ULIB Ver.6.0+V

เปลี่ยนเป็นภาษาไทย

Change to English
 แสดงรายละเอียดบรรณานุกรม
  กลับหน้าหลัก

Brief Record : Get Marc (ISO 2709) : E-mail record : QR code < ปิดหน้าต่าง
LEADER : 00000nam 2200000uu 4500
001    13399108001
003     ULIB
008    110214s2548||||th 000 0 tha d
020    9742911533(ล.3)
060 04 WY152^bค127ก ล.3 2548
245 00 การพยาบาลผู้ใหญ่และผู้สูงอายุ^nเล่ม 3 /^cคณาจารย์สถาบันพระบรมราชชนก
250    พิมพ์ครั้งที่ 6
260    นนทบุรี :^bโครงการสวัสดิการวิชาการ สถาบันพระบรมราชชนกกระทรวงสาธารณสุข,^c2548
300    394 หน้า :^bภาพประกอบ ;^c26 ซม.
650  7 การพยาบาล^xในวัยชรา
650  7 การพยาบาล^xในวัยผู้ใหญ่
650  7 การพยาบาลผู้สูงอายุ
650  7 ผู้สูงอายุ^xการดูแล
710 2  สถาบันพระบรมราชชนก.^bโครงการสวัสดิการวิชาการ
710 2  คณาจารย์สถาบันพระบรมราชชนก
945    ^p150^l0^i018734
995    ทศพร
999 ^a ใช้งานได้ทุกระบบ
รายการนี้ยังไม่มีแท็ก
คุณยังไม่ได้ล็อกอิน คุณสามารถมีกิจกรรมร่วมกับเว็บไซต์ได้ แต่ต้องล็อกอินก่อน ::
  ล็อกอิน

รายการสื่อสารสนเทศ

ลำดับที่ ประเภท เลขเรียก/บาร์โค้ด สถานที่ สถานะ
- ไม่พบข้อมูล -

รายการใกล้เคียง
    หัวเรื่อง [การพยาบาลผู้สูงอายุ]
    หัวเรื่อง [ผู้สูงอายุ การดูแล]

BibComment


ยังไม่เคยถูกคอมเมนท์

คอมเมนท์ทรัพยากรรายการนี้
  คอมเมนท์: การพยาบาลผู้ใหญ่แ..


 Copyright 2026. Bcnsprnw @Library